| 000 | 05260nam0a22003731 4500 | ||
|---|---|---|---|
| 001 | rc\2793229 | ||
| 005 | 20250529171821.0 | ||
| 035 | _a(NLR Aleph) 006919325 | ||
| 090 |
_a7429737 _c7429737 |
||
| 100 | _a20110915d1935 |||y0rusy50 ca | ||
| 101 | 0 | _arus | |
| 102 | _aRU | ||
| 105 | _ay z ||||| | ||
| 200 | 1 |
_aСборник научных работ Кисловодского санатория РККА _f[Предисл.: О. Граев] |
|
| 210 |
_aМосква _cБиомедгиз _d1935 _gтип. "Кр. звезда" |
||
| 215 |
_a84 с., 1 с. "Оглавление" на обл. _cграф. _d22х15 см. |
||
| 320 | _aБиблиогр.: "Литература" в конце статей | ||
| 327 | 1 | _aСодерж.: М. Л. Солитерман. Формы нервозов сердечно-сосудистой системы и их течение в Кисловодске. Он же. Электрокордиография при аортальных пороках. А. М. Давыдов. Течение пороков сердца в Кисловодске. Н. В. Корняева. Изменение белковой формулы у больного пороком сердца в Кисловодске. А. М. Давыдов и Н. А. Носов. Причина, характер и частота поражений клапанного аппарата сердца у военслужащих разного рода войск и их лечение в Кисловодске. В. А. Ходорович. Изуч. отдельных результатов лечения на повторных больных Кисловод. санатория РККА. В. П. Соколовский. Лсновной обмен у тучных и сердечных больных и его изменение в Кисловодске. М. Л. Солитерман, Н. А. Носов и Н. П. Болдин. Практич. классификация болезней сердечно-сосудистой системы, принятая временно Кисловод. санаторием РККА с апр. 1934 г. | |
| 464 | 0 |
_12000#$aИзучение отдельных результатов лечения на повторных больных Кисловодского санатория РККА$fВ. А. Ходорович _tИзучение отдельных результатов лечения на повторных больных Кисловодского санатория РККА |
|
| 464 | 0 |
_12000#$aПричина, характер и частота поражений клапанного аппарата сердца у военслужащих разного рода войск и их лечение в Кисловодске$fА. М. Давыдов$gН. А. Носов _tПричина, характер и частота поражений клапанного аппарата сердца у военслужащих разного рода войск и их лечение в Кисловодске |
|
| 464 | 0 |
_12000#$aПрактическая классификация болезней сердечно-сосудистой системы, принятая временно Кисловодским санаторием РККА с апреля 1934 г.$fМ. Л. Солитерман$gН. А. Носов$gН. П. Болдин _tПрактическая классификация болезней сердечно-сосудистой системы, принятая временно Кисловодским санаторием РККА с апреля 1934 г. |
|
| 464 | 0 |
_12000#$aОсновной обмен у тучных и сердечных больных и его изменение в Кисловодске$fВ. П. Соколовский _tОсновной обмен у тучных и сердечных больных и его изменение в Кисловодске |
|
| 464 | 0 |
_12000#$aИзменение белковой формулы у больного пороком сердца в Кисловодске$fН. В. Корняева _tИзменение белковой формулы у больного пороком сердца в Кисловодске |
|
| 464 | 0 |
_12000#$aФормы нервозов сердечно-сосудистой системы и их течение в Кисловодске$fМ. Л. Солитерман _tФормы нервозов сердечно-сосудистой системы и их течение в Кисловодске |
|
| 464 | 0 |
_12000#$aЭлектрокордиография при аортальных пороках$fМ. Л. Солитерман _tЭлектрокордиография при аортальных пороках |
|
| 464 | 0 |
_12000#$aТечение пороков сердца в Кисловодске$fА. М. Давыдов _tТечение пороков сердца в Кисловодске |
|
| 702 | 1 |
_aГраев _bО. _4080 |
|
| 710 | 0 | 2 | _aКисловодский санаторий. М-ва обороны СССР |
| 801 | 0 |
_aRU _bNLR _gpsbo |
|
| 801 | 1 |
_aRU _bELAR _2rusmarc |
|
| 852 |
_aNLR _j35-10/311 |
||
| 942 | _cBOOK | ||
| 980 | _aNB | ||